quiz sur la ville de Lyon - Statistiques

Statistiques générales
  • Ce quiz a été pris 604 fois
  • Le résultat moyen est 11 sur 15
Statistiques - réponses
Hint Réponse % Correct
Quel est le nom du plus grand parc de Lyon Parc de la tête d'or
96%
Combien d'arrondissement ce trouve a Lyon 9
95%
Quelle est le nom de la plus grande place de Lyon Place Bellecour
94%
Quel joueur de foot lyonnais a remporter le ballon d'or Karim Benzema
85%
Quel est l'ancien nom de la ville de Lyon LUGDUNUM
83%
Quel célèbre résistant fait la gloire de Lyon Jean Moulin
81%
Comment peut on appeler un homme a Lyon pelo
79%
Comment peut on dire beaucoup en lyonnais cher
77%
Comment peut on appeler un gamin a Lyon gone
75%
Quel aviateur/écrivain fait la gloire de Lyon Antoine de Saint-Exupéry
71%
Quelle personne est célébrer le 8 décembre Marie
64%
Quelle est la spécialité rose de Lyon praline
63%
Comment peut on dire une place en lyonnais gache
59%
Quel joueur de foot fait la gloire de Lyon grâce a ses coups francs légendaires Juninho
56%
Comment appelle t-on les chocolats emballés papillote
27%
Aucun quiz correspondant
Distribution des résultats
% des personnes avec chaque résultat
Percentile par nombre de réponses
Votre historique - résultats
Vous n’avez pas pris ce quiz